| 000 | 00772nam a2200217Ia 4500 | ||
|---|---|---|---|
| 005 | 20241129110043.0 | ||
| 008 | 241129s9999||||xx |||||||||||||| ||und|| | ||
| 020 | _a978-93-89742-29-9 | ||
| 037 | _aTB | ||
| 040 |
_aARTS _bhin _cARTS |
||
| 041 |
_ahin _2san |
||
| 084 |
_aY15.2 152Q9 _qARTS |
||
| 100 | _aबरनवाल, अनूप, ले. | ||
| 245 | 0 |
_aसमान नागरिक संहिता: चुनौतियॉं और समाधान _cबरनवाल, अनूप, ले. |
|
| 260 |
_aनई दिल्ली, भारत _bलोकी प्रकाशन _c2023 |
||
| 300 | _a356पृ0 | ||
| 365 |
_aINR _b750 |
||
| 650 |
_aSociologyWomen _9726364 |
||
| 942 |
_cTB _hY15.2 152Q9 |
||
| 999 |
_c1227145 _d1227145 |
||